000 00304nam a2200121Ia 4500
008 231129s1947||||xx |||||||||||||| ||spa||
082 _aOEM- 1694
100 _aMaugham Somerset
245 0 _aEl archipiélago de las sirenas
260 _c1947
264 _aMéxico: Constancia 1947
942 _2ddc
_cBKS
999 _c10236
_d10236